• 首页
  • 本馆介绍
  • 公告通知
  • 最新文献
  • 馆藏检索
  • 电子资源
  • 读者导购
  • 参考咨询
  • 我的图书馆
  • 登录
  • 详细信息显示
  • 放入我的书架
  • 预约/预借图书
  • 作者相关作品
  • 分类相关作品
  • 丛书相关作品
  • 出版社相关作品

书目信息

  • 表格格式
  • 工作单格式
  • 卡片格式
题名:
汇编语言程序设计
    
 
作者: 武马群 主编 ;何福良 , 钟俊英 , 黄涛 编著
分册:  
出版信息: 北京   北京工业大学出版社  2005
页数: 230页
开本: 26cm
丛书名:
单 册:
中图分类: TP313
科图分类:
主题词: 汇编语言 , 程序设计 , 汇编语言--程序设计--高等教育--教材
电子资源:
ISBN: 7-5639-1523-0
000 01016nam0 2200289 450
001 002985647
005 20061107103934.26
010    @a7-5639-1523-0@dCNY21.00
100    @a20050815d2005 em y0chiy0110 ea
101 0  @achi
102    @aCN@b110000
105    @ay z 000yy
200 1  @a汇编语言程序设计@9hui bian yu yan cheng xu she ji@f武马群主编@g何福良,钟俊英,黄涛编著
210    @a北京@c北京工业大学出版社@d2005
215    @a230页@d26cm
300    @a21世纪高职高专计算机系列规划教材 根据教育部最新高职高专教育教学大纲要求编写
330    @a全书共10章。内容有:汇编语言基础知识、寻找方式与指令系统、汇编语言源程序、分支结构程序设计、循环结构程序设计等。
606 0  @a汇编语言
606 0  @a程序设计
606 0  @a汇编语言@x程序设计@x高等教育@j教材
690    @aTP313@v4
701  0 @a武马群@9wu ma qun@4主编
702  0 @a何福良@9he fu liang@4编著
702  0 @a钟俊英@9zhong jun ying@4编著
702  0 @a黄涛@9huang tao@c(计算机)@4编著
801  0 @aCN@bNLC@c20061107
905    @a10447@dTP313@e18
    
    汇编语言程序设计/武马群主编/何福良,钟俊英,黄涛编著.-北京:北京工业大学出版社,2005
    230页;26cm
    21世纪高职高专计算机系列规划教材 根据教育部最新高职高专教育教学大纲要求编写
    
    ISBN 7-5639-1523-0:CNY21.00
    全书共10章。内容有:汇编语言基础知识、寻找方式与指令系统、汇编语言源程序、分支结构程序设计、循环结构程序设计等。
●
相关链接 在E读中查询图书 在五车中查询图书 在当当中查询图书 在豆瓣中查询图书


正题名:汇编语言程序设计     索取号:TP313/18         预约/预借

序号 登录号 条形码 馆藏地/架位号 状态 备注
1 0382166   203821668   第二样本阅览室/ [索取号:TP313/18] 在馆    
2 0382167   203821677   第三借阅区/ [索取号:TP313/18] 在馆    
3 0382168   203821686   第三借阅区/ [索取号:TP313/18] 在馆    
4 0382169   203821695   第三借阅区/ [索取号:TP313/18] 在馆    
5 0382170   203821702   第三借阅区/ [索取号:TP313/18] 在馆    
唐山师范学院图书馆 欢迎您!
大连网信软件有限公司© 版权所有